00337cam a2200133ua 4500003000400000008004100004041000800045082002100053100002800074245003300102250000900135260004700144300001200191OSt250506b |||||||| |||| 00| 0 eng d aeng a624.1517bRAY/AD aRayner, William Horace. aAdvanced surveying, Vol 2 /  a2 /  aNew Jersy : bD.Van Nostrand Co. , c1956. a369 ; .